Geometry Dash Gauntlets - Statistics

General Stats
  • This quiz has been taken 51 times
    41 since last reset
  • The average score is 20 of 30
Answer Stats
Answer % Correct
Fire
100%
Ice
94%
Poison
94%
Bonus
88%
Chaos
88%
Lava
85%
Shadow
85%
Crystal
82%
Demon
82%
Spike
82%
Time
82%
Discord
76%
Doom
73%
Monster
70%
Death
64%
Water
64%
Magic
61%
World
61%
Split
58%
Forest
55%
Universe
55%
Castle
52%
Galaxy
52%
Cursed
48%
Portal
42%
Strange
39%
Strange
39%
Cyborg
33%
Mystery
33%
Fantasy
30%
No matching quizzes found
Score Distribution
Percent of People with Each Score
Percentile by Number Answered
Your Score History
You have not taken this quiz since the last reset